| 000 | 00559cam a2200145 4500500 | ||
|---|---|---|---|
| 005 | 20251228090716.0 | ||
| 041 | _afre | ||
| 042 | _adc | ||
| 100 | 1 | 0 |
_aLabouret, Denis _eauthor |
| 245 | 0 | 0 | _aPéguy ou le contretemps d’écrire. Conférence prononcée à Bourg-la-Reine le 21 septembre 2014 |
| 260 | _c2015. | ||
| 500 | _a96 | ||
| 786 | 0 | _nBulletin de l’Amitié Charles Péguy | 151 | 3 | 2015-04-10 | p. 250-261 | 0180-8567 | |
| 856 | 4 | 1 | _uhttps://shs.cairn.info/revue-bulletin-de-lamitie-charles-peguy-2015-3-page-250?lang=fr&redirect-ssocas=7080 |
| 999 |
_c1602629 _d1602628 |
||